| 000 | 00593nam a2200205 4500 | ||
|---|---|---|---|
| 999 |
_c2937 _d2937 |
||
| 001 | 2937 | ||
| 003 | BD-JhCC | ||
| 005 | 20171108171504.0 | ||
| 008 | 171108b2006 bg ||||| |||| 00| 0 ben d | ||
| 035 | _a(BD-JhCC) | ||
| 040 |
_aBD-JhCC _dBD-JhCC |
||
| 041 | _aben | ||
| 082 |
_a891.443 _b FAR 2006 |
||
| 100 | _aফারাহ, মিনা | ||
| 245 |
_aএক অদ্ভুত আরজ আলী / _cমিনা ফারাহ |
||
| 260 |
_aঢাকা: _bঅনন্যা; _c২০০৬ |
||
| 300 |
_a১৩৫ পৃ.; _c২২ সেমি |
||
| 650 | _aNovel | ||
| 942 |
_2ddc _cBK |
||